000 00438nam a2200205Ia 4500
001 13402
003 GE_BSU
008 181216s||||||||xx |||||||||||||| ||und||
020 _a0099184028
040 _cGE_BSU
080 _a821.111-312.4
100 _aCase,John.
245 4 _aThe first horseman.
260 _aLondon.
260 _bArrow.
260 _c1998
300 _a421p;18cm.
653 _aThe first horseman.
942 _cBK
999 _c46563
_d46563